000 00989nam a2200265 a 4500
001 000044626
003 DO-SdBNP
005 20221110081215.0
007 ta
008 141210s2014 dr a 000 0 spa d
020 _a9789945131703
040 _aDO-SdBNP
_bspa
_cBNPHU
082 _a324.97293
_bG643i
_222
100 1 _aGonzález, Orlando
_d1969-
_972646
245 1 0 _aInequidad del sistema electoral dominicano :
_banálisis de las elecciones del 2010 y perspectivas /
_cOrlando González ; prólogo Juan Dionicio Rodríguez Restituyo.
260 _aSanto Domingo :
_bEdiciones Escuela Multitemática,
_c2014.
300 _a112 p. :
_bil. ;
_c22 cm.
500 _aIncluye datos biográficos del autor en la solapa de la cubierta
504 _aBibliografía : p. 109-112
590 _aInventariado, 2022 / DG
650 4 _aElecciones
_xLegislación
_zRepública Dominicana
_9412
700 1 _aRodríguez Restituyo, Juan Dionicio
_epról.
_972647
910 _aDG
942 _2ddc
_cLBS1
999 _c44115
_d44115